LIVE ATP Top 100 (updated 14/09/23) - Statistics

General Stats
  • This quiz has been taken 599 times
    350 since last reset
  • The average score is 52 of 100
Answer Stats
No. Hint Answer % Correct
2 -1 Spain Carlos Alcaraz
100%
1 +1 Serbia Novak Djokovic
100%
9 -4 Norway Casper Ruud
98%
3 - Russia Daniil Medvedev
98%
5 +2 Greece Stefanos Tsitsipas
98%
10 +2 Germany Alexander Zverev
96%
6 +2 Russia Andrey Rublev
96%
4 - Denmark Holger Rune
96%
7 -1 Italy Jannik Sinner
96%
8 +1 USA Taylor Fritz
94%
11 -1 USA Frances Tiafoe
92%
12 +1 Australia Alex de Minaur
90%
16 +1 Poland Hubert Hurkacz
90%
14 +1 Canada Felix Auger-Aliassime
89%
20 -1 Bulgaria Grigor Dimitrov
89%
13 +1 USA Tommy Paul
83%
15 -4 Russia Karen Khachanov
81%
29 -2 Kazakhstan Alexander Bublik
80%
17 -1 Great Britain Cameron Norrie
80%
19 +28 USA Ben Shelton
76%
18 - Italy Lorenzo Musetti
76%
41 -4 Great Britain Andy Murray
75%
31 -5 Canada Denis Shapovalov
73%
40 +9 Switzerland Stan Wawrinka
73%
22 +3 Chile Nicolas Jarry
72%
26 -3 Croatia Borna Coric
70%
66 -30 Italy Matteo Berrettini
70%
21 -1 Argentina Francisco Cerundolo
68%
91 +2 Argentina Juan Manuel Cerundolo
68%
24 - Netherlands Tallon Griekspoor
68%
38 +1 Italy Lorenzo Sonego
67%
46 -2 Japan Yoshihito Nishioka
66%
23 -1 Germany Jan-Lennard Struff
65%
27 +1 Great Britain Daniel Evans
62%
36 -3 France Ugo Humbert
61%
30 -1 Czech Republic Jiri Lehecka
60%
73 +8 Austria Dominic Thiem
59%
42 - Spain Roberto Bautista Agut
59%
34 +1 France Adrian Mannarino
58%
44 +4 France Arthur Fils
58%
28 +4 Argentina Sebastian Baez
58%
61 +6 China Zhizhen Zhang
57%
25 -4 Spain Alejandro Davidovich Fokina
54%
48 -2 Serbia Miomir Kecmanovic
54%
37 +1 Serbia Laslo Djere
52%
100 -4 Belgium David Goffin
51%
84 -4 Sweden Mikael Ymer
50%
65 -10 France Richard Gasquet
50%
52 - Serbia Dusan Lajovic
49%
58 -1 Hungary Marton Fucsovics
49%
68 -3 Netherlands Botic van de Zandschulp
48%
57 -1 Finland Emil Ruusuvuori
48%
35 -1 Argentina Tomas Martin Etcheverry
48%
33 -2 USA Sebastian Korda
46%
55 -4 Australia Jordan Thompson
45%
63 +14 Russia Aslan Karatsev
44%
45 -4 Australia Alexei Popyrin
42%
74 +4 Australia Thanasi Kokkinakis
42%
32 -5 USA Christopher Eubanks
40%
59 -1 Austria Sebastian Ofner
39%
85 -3 Spain Jaume Munar
38%
47 +14 Italy Matteo Arnaldi
38%
89 -10 Portugal Nuno Borges
38%
70 +4 Peru Juan Pablo Varillas
37%
76 +30 Brazil Thiago Seyboth Wild
37%
60 +3 Spain Roberto Carballes Baena
36%
49 +4 Germany Daniel Altmaier
35%
92 - Hungary Fabian Marozsan
35%
56 +4 Russia Roman Safiullin
35%
39 +1 USA Mackenzie McDonald
33%
82 +28 Australia Rinky Hijikata
33%
80 -12 USA Brandon Nakashima
32%
90 +38 Switzerland Domini Stricker
32%
88 -17 Colombia Daniel Elahi Galan
31%
64 -2 USA Marcos Giron
30%
96 -5 Argentina Federico Coria
29%
93 +2 Japan Taro Daniel
28%
54 - Germany Yannick Hanfmann
28%
51 -6 USA J.J. Wolf
27%
97 -25 France Corentin Moutet
26%
72 +3 Germany Dominik Koepfer
26%
98 -12 China Yibing Wu
26%
95 -7 Spain Albert Ramos-Vinolas
25%
67 +6 France Arthur Rinderknech
25%
87 +12 France Hugo Gaston
25%
69 -5 France Luca Van Assche
25%
43 - Australia Max Purcell
25%
86 -3 Russia Alexander Shevchenko
24%
75 +1 Spain Bernabe Zapata Miralles
23%
83 +1 France Alexandre Muller
21%
77 +28 Serbia Borna Gojo
21%
79 -13 Argentina Pedro Cachin
20%
78 +7 Japan Yosuke Watanuki
20%
62 -3 France Gregoire Barrere
19%
71 -1 France Quentin Halys
19%
53 +16 Australia Christopher O'Connell
18%
50 - Australia Aleksandar Vukic
15%
81 +8 USA Michael Mmoh
13%
99 -5 Argentina Facundo Diaz Acosta
9%
94 -7 Australia Jason Kubler
9%
No matching quizzes found
Score Distribution
Percent of People with Each Score
Percentile by Number Answered
Your Score History
You have not taken this quiz since the last reset